|
|
|
|
| LEADER |
00000cam a22000004a 4500 |
| 001 |
musev2_5401 |
| 003 |
MdBmJHUP |
| 005 |
20230905040637.0 |
| 006 |
m o d |
| 007 |
cr||||||||nn|n |
| 008 |
070807s2008 mnu o 00 0 eng d |
| 010 |
|
|
|z 2007032726
|
| 020 |
|
|
|a 9780873516716
|
| 020 |
|
|
|z 9780873518345
|
| 020 |
|
|
|z 0873518349
|
| 020 |
|
|
|z 0873516710
|
| 035 |
|
|
|a (OCoLC)794700981
|
| 040 |
|
|
|a MdBmJHUP
|c MdBmJHUP
|
| 043 |
|
|
|a n-us-mn
|a n-us---
|
| 050 |
0 |
4 |
|a E601
|b .B79 2008
|
| 082 |
0 |
|
|a 973.7/8
|2 22
|
| 100 |
1 |
|
|a Bowler, James Madison,
|d 1838?-1916.
|
| 245 |
1 |
0 |
|a Go If You Think It Your Duty :
|b A Minnesota Couple's Civil War Letters /
|c [edited by] Andrea R. Foroughi.
|
| 264 |
|
1 |
|a St. Paul, MN :
|b Minnesota Historical Society Press,
|c 2008.
|
| 264 |
|
3 |
|a Baltimore, Md. :
|b Project MUSE,
|c 2012
|
| 264 |
|
4 |
|c ©2008.
|
| 300 |
|
|
|a 1 online resource (296 pages):
|b ill., map ;
|
| 336 |
|
|
|a text
|b txt
|2 rdacontent
|
| 337 |
|
|
|a computer
|b c
|2 rdamedia
|
| 338 |
|
|
|a online resource
|b cr
|2 rdacarrier
|
| 500 |
|
|
|a Letters between James Madison Bowler and Elizabeth Caleff Bowler.
|
| 504 |
|
|
|a Includes bibliographical references (p. 317-324) and index.
|
| 588 |
|
|
|a Description based on print version record.
|
| 600 |
1 |
0 |
|a Bowler, Elizabeth Caleff,
|d 1841?-1931
|v Correspondence.
|
| 600 |
1 |
0 |
|a Bowler, James Madison,
|d 1838?-1916
|v Correspondence.
|
| 651 |
|
0 |
|a Nininger (Minn.)
|x Social conditions
|y 19th century.
|
| 651 |
|
0 |
|a Nininger (Minn.)
|v Biography.
|
| 651 |
|
0 |
|a Minnesota
|x History
|y Civil War, 1861-1865
|v Personal narratives.
|
| 651 |
|
0 |
|a United States
|x History
|y Civil War, 1861-1865
|v Personal narratives.
|
| 610 |
1 |
0 |
|a United States.
|b Army.
|b Minnesota Infantry Regiment, 3rd (1861-1865)
|
| 655 |
|
7 |
|a Electronic books.
|2 local
|
| 700 |
1 |
|
|a Foroughi, Andrea R.,
|d 1967-
|
| 700 |
1 |
|
|a Bowler, Elizabeth Caleff,
|d 1841?-1931.
|
| 710 |
2 |
|
|a Minnesota Historical Society.
|
| 710 |
2 |
|
|a Project Muse.
|e distributor
|
| 830 |
|
0 |
|a Book collections on Project MUSE.
|
| 856 |
4 |
0 |
|z Texto completo
|u https://projectmuse.uam.elogim.com/book/5401/
|
| 945 |
|
|
|a Project MUSE - Custom Collection
|
| 945 |
|
|
|a Project MUSE - Archive Complete Foundation
|
| 945 |
|
|
|a Project MUSE - Archive US Regional Studies, Midwest Foundation
|